Hombres contra la violencia de genero: replanteando la masculinidad en Guatemala /
Guardado en:
| Autor principal: | |
|---|---|
| Formato: | Texto |
| Lenguaje: | Spanish |
| Materias: | |
| Etiquetas: |
Agregar Etiqueta
Sin Etiquetas, Sea el primero en etiquetar este registro!
|
MARC
| LEADER | 00000 a a2200000 04500 | ||
|---|---|---|---|
| 001 | 45833 | ||
| 003 | cru CRAI/IIS | ||
| 005 | 20210609140453.0 | ||
| 008 | 210608b |||||||| |||| 00| 0 spa d | ||
| 040 | |c CRAI/IIS | ||
| 100 | 1 | |a England, Sarah | |
| 245 | 1 | |a Hombres contra la violencia de genero: |b replanteando la masculinidad en Guatemala / |c Sarah England | |
| 500 | |a Colección Centroamérica | ||
| 650 | 0 | |9 964 |a GENERO | |
| 650 | 0 | |9 133 |a VIOLENCIA | |
| 650 | 0 | |9 985 |a MASCULINIDAD | |
| 651 | 0 | |9 142 |a GUATEMALA | |
| 773 | |g volumen 39 (2013), páginas 59-89 | ||
| 773 | 0 | |0 18765 |9 5757 |a Universidad de Costa Rica. |d San José, Costa Rica: Editorial Universidad de Costa Rica, 1974- |o 15291 |t Anuario de Estudios Centroamericanos / |x 03777316 | |
| 942 | |2 ddc |c PP | ||
| 999 | |c 17866 |d 17866 | ||
